000 00579cam a2200217 a 4500
001 2806135
005 20180118074323.0
008 820914s1983 nyu b 001 0 eng
010 _a 82018407
020 _a0123584809
040 _aDLC
_cDLC
_dDLC
041 _aeng
080 _a305.3 HUB
082 0 0 _a305.3 HUB
_219
100 1 _a50
101 _aSOC
245 1 0 _aSex stratification :
_cJoan Huber, Glenna Spitze.
504 _aBibliography: p. 246-273.
906 _a7
_bcbc
_corignew
_d1
_eocip
_f19
_gy-gencatlg
942 _2ddc
_cBK
999 _c40482
_d40482